000 01146cam a2200301 4500
001 M1623
008 090401t1994 xxu||||| |||| 00| 0 eng d
035 _a(Sirsi) u33379
041 _aeng
050 _a333.72
090 _aRICS 1994/62ABCD
110 _aRoyal Institution of Chartered Surveyors
_94900
245 _aFinancial incentives for greener homes.
260 _aLondon
_bRICS
_c1994
300 _a17p. : 30cm.
350 _a0
520 _aProduced by RICS Policy Unit. Against a background in which the UK has agreed to reduce its CO2 emissions, this report examines whether financial incentives could be provided in order to improve energy efficiency of our existing buildings without adding to the overall level of public expenditure. Deals with the residential sector.
650 _aENERGY CONSUMPTION
650 _aENERGY EFFICIENCY
650 _aFINANCIAL INCENTIVES
650 _aGOVERNMENT EXPENDITURE
650 _aRESIDENTIAL PROPERTY
_96266
650 _aSUBSIDIES
690 _aBUILDING AND CONSTRUCTION-ENERGY CONSERVATION
700 _aJacobs, Leslie.
_xChairman
942 _n0
948 _c04/03/1997
999 _c89797
_d89797